| 000 | 02254cam a2200457 i 4500 | ||
|---|---|---|---|
| 001 | 1409632813 | ||
| 003 | OCoLC | ||
| 005 | 20240104154454.0 | ||
| 008 | 231117t20232023nyua j 000 1 eng d | ||
| 020 | _a9780241610381 | ||
| 020 | _a0241610389 | ||
| 035 | _a(OCoLC)1409632813 | ||
| 040 |
_aJAS _beng _erda _cJAS _dJAS |
||
| 092 |
_bPotter _achildren holiday |
||
| 245 | 0 | 0 | _aI love you little one. |
| 264 | 1 |
_aNew York : _bFrederick Warne, an imprint of Penguin Random House LLC, _c2023. |
|
| 264 | 4 | _c©2023. | |
| 300 |
_a1 volume (unpaged) : _bchiefly color illustrations ; _c18 cm. |
||
| 336 | _atext | ||
| 336 | _astill image | ||
| 337 | _aunmediated | ||
| 338 | _avolume | ||
| 500 | _a"The world of Peter Rabbit." | ||
| 500 | _aBased on the characters created by Beatrix Potter. | ||
| 520 | _a"A new addition to the family is an exciting celebration - and Peter Rabbit thinks so too! Join him as he welcomes little ones everywhere in this lyrical rhyming text, accompanied by contemporary design and beautiful illustrations that capture the whimsical, charming nature of Beatrix Potter's original drawings. Older siblings will enjoy marking this precious moment and the many memories to come with this sweet book. This book is a heart-warming and affirming ode to the special bond shared between families. Both new and old fans will love this gorgeous tribute that encapsulates the elation felt when a family expands"--Publisher's description. | ||
| 600 | 0 | 0 |
_aPeter Rabbit _c(Fictitious character) _vJuvenile fiction. _96407720 |
| 650 | 0 |
_aRabbits _vJuvenile fiction. _95674643 |
|
| 650 | 0 |
_aFamilies _vJuvenile fiction. _95674031 |
|
| 650 | 0 |
_aLove _vJuvenile fiction. _95688955 |
|
| 650 | 0 |
_aFamily life _vJuvenile fiction. _95689066 |
|
| 655 | 7 |
_aStories in rhyme. _2lcgft. |
|
| 655 | 7 |
_aPicture books. _2lcgft. |
|
| 655 | 7 |
_aAnimal fiction. _2lcgft. _95748285 |
|
| 655 | 7 |
_aLivres d'images. _2rvmgf. _96445455 |
|
| 655 | 7 |
_aHistoires rimées. _2rvmgf. _96450377 |
|
| 690 | _aEasy picture book. | ||
| 690 | _aPicture book | ||
| 700 | 1 |
_aPotter, Beatrix, _d1866-1943, _ecreator. |
|
| 776 | 0 | 8 |
_iebook version : _z9780241606421. |
| 942 |
_2ddc _cBOOK |
||
| 999 |
_c391981 _d391981 |
||